Théories du symbole /
Salvato in:
| Autore principale: | |
|---|---|
| Natura: | Libro |
| Lingua: | French |
| Pubblicazione: |
Paris :
Éditions du Seuil,
c1977.
|
| Serie: | Collection Poétique
|
| Soggetti: | |
| Tags: |
Aggiungi Tag
Nessun Tag, puoi essere il primo ad aggiungerne!!
|
MARC
| LEADER | 00000cam a2200000 i 4500 | ||
|---|---|---|---|
| 001 | 2179 | ||
| 005 | 20150723112809.0 | ||
| 008 | 790516s1977 fr b 001 0 fre | ||
| 020 | |a 2020046067 : | ||
| 040 | |d NNC |d CIICLA | ||
| 082 | |a 414 |b T639t | ||
| 100 | 1 | |a Todorov, Tzvetan, |d 1939- | |
| 245 | 1 | 0 | |a Théories du symbole / |c Tzvetan Todorov. |
| 260 | |a Paris : |b Éditions du Seuil, |c c1977. | ||
| 300 | |a 375 páginas ; |c 21 centímetros.. | ||
| 490 | 1 | |a Collection Poétique | |
| 504 | |a Incluye referencias bibliográficas e índice. | ||
| 650 | 1 | 4 | |a SEMIOTICA |
| 650 | 1 | 4 | |a RETORICA |
| 942 | |2 ddc |c BK | ||
| 999 | |c 4421 |d 4421 | ||



